|
|
|
|
| LEADER |
00000nam0a2200000 4500 |
| 001 |
7087 |
| 005 |
20231030180426.0 |
| 010 |
|
|
|a 585296008X
|
| 035 |
|
|
|a (RuTPU)RU\TPU\book\7130
|
| 035 |
|
|
|a BOOK00007188
|
| 090 |
|
|
|a 7087
|
| 100 |
|
|
|a 20011209d1997 m y0rusy50 ca
|
| 101 |
0 |
|
|a rus
|
| 102 |
|
|
|a RU
|
| 105 |
|
|
|a y z 000zy
|
| 200 |
1 |
|
|a БАРС (Боевая Армейская Система). Работа с оружием в рукопашной схватке
|e Пособие для 2-3 ступени "УНИБОС"
|f А. Н. Медведев
|
| 210 |
|
|
|a Москва
|c Саттва
|d 1997
|
| 215 |
|
|
|a 304 с.
|
| 225 |
1 |
|
|a Бой на поражение. Выживание. Спецтехники
|h Кн. 5
|
| 610 |
1 |
|
|a военное дело
|
| 610 |
1 |
|
|a стрелковое оружие
|
| 610 |
1 |
|
|a холодное оружие
|
| 610 |
1 |
|
|a рукопашный бой
|
| 686 |
|
|
|a Ц52
|v LBC/SL-A
|2 rubbk
|
| 700 |
|
1 |
|a Медведев
|b А. Н.
|
| 801 |
|
0 |
|a RU
|b 63413507
|c 20011209
|g PSBO
|
| 801 |
|
2 |
|a RU
|b 63413507
|c 20070503
|g PSBO
|
| 942 |
|
|
|c BK
|